000 01379cam8a220028900 4500
001 lce01033473
008 711013s1966 et bh b 000 0 eng
010 _a 74240146 //r85
025 _aEt-E-69
035 _a(Sirsi) r82712
035 _a(DLC) 74240146 //r85
035 _a(UPRA)lce01033473
043 _af-et---
050 0 _aHD1021.E8
_bM6 no. 3
100 1 _aPankhurst, Richard.
_6A42540.1
245 1 0 _aState and land in Ethiopian history
_c[by] Richard Pankhurst.
260 _aAddis Ababa,
_bInstitute of Ethiopian Studies,
_c1966.
440 0 _aMonographs in Ethiopian land tenure ;
_vno. 3
_6S6965.1
500 _aPublished in association with Oxford University Press.
504 _aIncludes bibliographical references.
650 0 _aLand tenure -- Ethiopia -- History.
_zLand tenure -- Ethiopia -- History.
_xLand tenure -- Ethiopia -- History.
_6S33620.1
650 0 _aLand grants -- Ethiopia -- History.
_zLand grants -- Ethiopia -- History.
_xLand grants -- Ethiopia -- History.
_6S33621.1
650 0 _aLand reform -- Ethiopia -- History.
_zLand reform -- Ethiopia -- History.
_xLand reform -- Ethiopia -- History.
_6S33622.1
710 2 _aHaile Sellassie I University. Institute of Ethiopian Studies.
_bHaile Sellassie I University. Institute of Ethiopian Studies.
_6A42541.1
949 _aHD1021.E8
_wlcc
_i-114879
_mMAIN
_tBOOK
_lON-SHELF
004 82712
999 _c86213
_d86213